Score 0/20 Timer 02:00
1 Play Today
Clue 5-Letter Word % Correct
Fruit used in wineGRAPE
95.7%
Objects used on the set of a play or moviePROPS
92.6%
A device for measuring timeCLOCK
90%
Shred cheeseGRATE
89.9%
Press the button on a mouseCLICK
89.2%
ComplainGRIPE
87.9%
Holds tightlyGRIPS
87.7%
Gets readyPREPS
87.2%
A square of city buildingsBLOCK
87%
BoxCRATE
86.6%
Clue 5-Letter Word % Correct
TricklesDRIPS
83.9%
Tall birdCRANE
83.9%
Gummy candiesDROPS
82.8%
A brand of seasonal shaped marshmallowsPEEPS
78.8%
Turn a rotatable handleCRANK
78.5%
Country singer ClintBLACK
77.9%
Empty, like a slateBLANK
77.1%
Open and honestFRANK
74.4%
The side of a body of people, such as an armyFLANK
71.3%
Common avian form of [First rung]CHICK
62.4%

Today's Daily Dose

Missing Word
Marvin Gaye Songs

Quick Pick
Movies of 2019

Get the Picture
Chinese Cities

You're not logged in!

Compare scores with friends on all Sporcle quizzes.
OR
Log In

Sporcle TV

Today on Sporcle TV


Watch our educational content, quiz creation guides, and fun videos on Sporcle TV.

Show Comments

Extras

Top Quizzes Today


Score Distribution

Your Account Isn't Verified!

In order to create a playlist on Sporcle, you need to verify the email address you used during registration. Go to your Sporcle Settings to finish the process.

Report this User

Report this user for behavior that violates our Community Guidelines.

Details: